Veľkonočné sentencie

Bibliographic Details
Main Author: Kenda, Milan, 1937- (Author)
Format: Article
Language:Slovak
ISSN:0862-5999
Subjects:

MARC

LEADER 00000nab a2200000 a 4500
001 vtls008964013
003 SK-MaSNL
005 20260303070803.0
008 140422c2007 xo |||| | | |00 b|slo
015 |a SNBRB2007/04  |2 snkbucl 
038 |a SNKBUCL 
040 |a SNKBUCL  |b slo  |c SNKBUCL  |e AACR2 
041 0 |a slo 
044 |a xo  |c SK 
080 |a 821.162.4-84  |2 1997 
100 1 |a Kenda, Milan,  |d 1937-  |4 aut  |9 13417 
245 1 0 |a Veľkonočné sentencie  |c Milan Kenda 
650 0 7 |a aforizmy, slovenské  |2 snkbucl  |9 28617 
773 0 |t Literárny (dvoj)týždenník  |g Roč. XX, č. 13-14 (2007), s. 16  |x 0862-5999 
852 |a SNK  |b KIS3GCP 
958 |a LX 
958 |a SK 
999 |c 1756922  |d 1758852